00941nam a22002537a 450000500170000001000130001702000230003003500130005303700160006604000120008208200130009410000220010724500660012926000390019527000560023430000200029050000180031065000280032865000320035694200220038899900190041095201290042995201290055820170124105914.0 aB-031455 c550.00a8170003083 aB-031455 bCen Lib/Ret aDPLbEN a020bISA aIsaac, K. A.9610 aGlimpses of library and information science /cby K. A. Isaac aDelhib Ess Ess Publicationsc2001 a4837/24, Ansari Road, Darya GanjbNew Delhie110007 a223p.c22cm(Hb) aInduces index aLibrary Science9112496 aInformation Science9112497 2ddccENh020mISA c122733d122733 001040718REFaLbLd2015-05-29eCen Lib/Retg500.00l0o020 ISApB-031455r2015-05-29 00:00:00t1v500.00w2016-09-15yEN 00102ddc4070aLbLd2016-12-01eCen Lib/Retg500.00l0o020 ISApB-031454r2016-12-01 00:00:00t2v500.00w2016-12-01yEN